Tiempos de fuga /

Guardado en:
Detalles Bibliográficos
Autor principal: Caride, Ramón (autor)
Formato: Libro
Idioma:Español
Publicado: Oaxaca, México : Almadía, 2008, c2008
Colección:(Mar Abierto, Narrativa Contemporánea)
Temas:
Etiquetas: Agrega una etiqueta
Sin etiquetas, Sé el primero en etiquetar este registro!

MARC

LEADER 00000nam^a2200000^a^4500
001 000290122
005 20250521000000.0
008 090604 20082008
009 20260310111957.905
020 |a 978-607-411-006-7 
037 |a Acervo ITESO - Biblioteca 
041 |a ESP 
082 |a 863.  |b CAR 
100 |a Caride, Ramón  |e (autor) 
245 1 0 |a Tiempos de fuga /  |c R. Caride ; tr. por Xoán Fuentes Castro. 
264 4 |a Oaxaca, México :  |b Almadía,  |c 2008, c2008 
300 |a 250 p. 
336 |a texto  |b txt  |2 rdacontenido 
337 |a sin mediación  |b n  |2 rdamedio 
338 |a volumen  |b nc  |2 rdasoporte 
440 1 |a (Mar Abierto, Narrativa Contemporánea) 
500 |a Traducción de: O sangue dos camiños 
649 |a XX 
650 |a Novela Fantástica 
650 |a Novela Gallega 
650 |a Novela Española 
650 |a Literatura Policíaca y de Misterio -  |z España 
650 |a Literatura Fantástica -  |z España 
650 |a Literatura Gallega -  |y Siglo XXI 
650 |a Literatura Española -  |y Siglo XXI 
910 |a Fondo General 
920 |a Impresos - Libros 
930 |a Colección General 
940 |a Literatura 
905 |a 101 
901 |a 0500176982  |b IT1  |c LIT  |u 20250521 
902 |a https://opac.biblio.iteso.mx/vufind/Record/000290122